000 00946nam0a22002531 4500
001 rc\1080091
005 20260407143612.0
035 _a(NLR Aleph) 006328523
090 _a7520405
_c7520405
100 _a20041126d1983 |||y0rusy50 ca
101 0 _arus
102 _aRU
105 _ay |||||||||
200 1 _aСовершенствование землепользования
_eНауч. тр.
_fМоск. ин-т инженеров землеустройства
_g[Редкол.: Вольнов Ю.В. (отв. ред.) и др.]
210 _aМ.
_cМИИЗ
_d1983
215 _a131 с.
_d20
320 _aБиблиогр.: с. 85 (5 назв.)
702 1 _aВольнов
_bЮ.В.
_4340
712 0 2 _aМосковский институт инженеров землеустройства
_3RU\NLR\AUTH\8810015842
_9529548
801 0 _aRU
_bNLR
_gpsbo
801 1 _aRU
_bELAR
_2rusmarc
852 _aNLR
_j84-3/1617
942 _cBOOK
980 _aNB